[Event "C.to Provinciale NA"]
[Site "Napoli ITA"]
[Date "2012.01.05"]
[Round "3"]
[White "Esposito, Luca"]
[Black "Zinnai, Graziano Matteo"]
[Result "1-0"]
[WhiteElo "2234"]
[BlackElo "1937"]
[PlyCount "69"]
[EventDate "2011.12.15"]

1. d4 d5 2. c4 c6 3. Nf3 Nf6 4. e3 e6 5. b3 Nbd7 6. Bd3 Bd6 7. Bb2 Qe7 8. Ne5
O-O 9. O-O c5 10. Nd2 Ne8 11. Qc2 g6 12. cxd5 exd5 13. Ndf3 cxd4 14. exd4 Nc7
15. Rae1 Ne6 16. Bc1 Re8 17. Bh6 Ndf8 18. Ng4 Qd8 19. Be3 Bd7 20. Nfe5 f6 21.
Nh6+ Kg7 22. Nhf7 Qe7 23. Nxd6 Qxd6 24. Nxd7 Nxd7 25. Qd2 f5 26. Bh6+ Kf7 27.
Bb5 a6 28. Bxd7 Qxd7 29. Re5 Rad8 30. Rfe1 Qc6 31. Qe3 Qb6 32. h3 Nc7 33. Re7+
Kg8 34. Qe5 Rxe7 35. Qxe7 1-0

[Event "C.to Provinciale NA"]
[Site "Napoli ITA"]
[Date "2012.01.05"]
[Round "3"]
[White "Esposito, Pino"]
[Black "Caporali, Dante"]
[Result "1-0"]
[WhiteElo "1842"]
[BlackElo "1577"]
[PlyCount "73"]
[EventDate "2011.12.15"]

1. e4 e6 2. Nf3 d5 3. exd5 exd5 4. d4 Nf6 5. Bg5 Be7 6. Bd3 O-O 7. h3 Re8 8.
O-O Be6 9. Nbd2 h6 10. Bh4 Nbd7 11. Re1 a6 12. c3 c5 13. Rc1 Rc8 14. Bb1 Qb6
15. Bxf6 Nxf6 16. Qb3 Qxb3 17. Nxb3 c4 18. Nbd2 b5 19. Re2 a5 20. Rce1 Kf8 21.
Ne5 Bd6 22. Ndf3 b4 23. Nh4 bxc3 24. bxc3 Bxe5 25. Rxe5 Bd7 26. f4 a4 27. g4
Rb8 28. Ng2 Rb6 29. Rxe8+ Nxe8 30. f5 f6 31. Nf4 Nc7 32. Kf2 Rb2+ 33. Kg3 a3
34. Ng6+ Kg8 35. Re7 Rxb1 36. Rxd7 Nb5 37. Rd8+ 1-0

[Event "C.to Provinciale NA"]
[Site "Napoli ITA"]
[Date "2012.01.05"]
[Round "3"]
[White "Esposito, Rosario"]
[Black "Di Meo, Antonio"]
[Result "1/2-1/2"]
[WhiteElo "1859"]
[BlackElo "1968"]
[PlyCount "25"]
[EventDate "2011.12.15"]

1. d4 g6 2. c4 d6 3. e4 Bg7 4. Nc3 Nf6 5. f3 Nbd7 6. Be3 O-O 7. Qd2 c6 8. Bd3
Qc7 9. Nge2 e5 10. d5 a6 11. O-O c5 12. a3 Nb6 13. a4 1/2-1/2

[Event "C.to Provinciale NA"]
[Site "Napoli ITA"]
[Date "2012.01.05"]
[Round "3"]
[White "Gallo, Thomas Renato"]
[Black "La Sala, Alberto"]
[Result "1-0"]
[WhiteElo "1887"]
[BlackElo "2023"]
[PlyCount "57"]
[EventDate "2011.12.15"]

1. d4 Nf6 2. Bf4 e6 3. e3 Bd6 4. Bxd6 cxd6 5. Nd2 d5 6. Ngf3 O-O 7. c4 dxc4 8.
Bxc4 d5 9. Bb3 b6 10. Ne5 Ba6 11. Bc2 Qd6 12. Nd3 Nc6 13. a3 Rac8 14. O-O e5
15. dxe5 Nxe5 16. Nf3 Nfg4 17. Nfxe5 Nxe5 18. Re1 Rxc2 19. Nxe5 Rfc8 20. Qd4
Qf6 21. f4 Qe6 22. Qa4 b5 23. Qb4 f6 24. Nf3 R8c4 25. Qa5 d4 26. exd4 Rxg2+ 27.
Kxg2 Qg4+ 28. Kf2 Rc2+ 29. Re2 1-0

[Event "C.to Provinciale NA"]
[Site "Napoli ITA"]
[Date "2012.01.05"]
[Round "3"]
[White "Solombrino, Giovanni"]
[Black "Accardo, Francesco"]
[Result "0-1"]
[WhiteElo "1850"]
[BlackElo "1855"]
[PlyCount "48"]
[EventDate "2011.12.15"]

1. e4 a6 2. d4 b5 3. Bd3 Bb7 4. Nf3 e6 5. O-O Be7 6. Bf4 Nf6 7. e5 Nd5 8. Bg3
h5 9. h4 g5 10. Nxg5 Bxg5 11. hxg5 Qxg5 12. Qd2 Qe7 13. Nc3 h4 14. Nxd5 Bxd5
15. Bh2 Nc6 16. c3 O-O-O 17. a4 Rhg8 18. f3 Na5 19. Ra3 h3 20. g3 Nc4 21. Bxc4
bxc4 22. a5 d6 23. Ra4 dxe5 24. dxe5 24... Qh4 {...} 0-1

[Event "C.to Provinciale NA"]
[Site "Napoli ITA"]
[Date "2012.01.05"]
[Round "3"]
[White "Supino, Domenico"]
[Black "Messina, Enrico"]
[Result "0-1"]
[WhiteElo "2097"]
[BlackElo "2125"]
[PlyCount "38"]
[EventDate "2011.12.15"]

1. e4 c5 2. Nf3 d6 3. d4 cxd4 4. Nxd4 Nf6 5. Nc3 g6 6. Be3 Bg7 7. f3 O-O 8. Qd2
Nc6 9. Bc4 Bd7 10. O-O-O Rb8 11. g4 Na5 12. Be2 b5 13. g5 b4 14. Nd5 Nxd5 15.
exd5 Qc7 16. Kb1 Nc4 17. Bxc4 Qxc4 18. Ne2 Bf5 19. Ng3 b3 0-1

[Event "C.to Provinciale NA"]
[Site "Napoli ITA"]
[Date "2012.01.12"]
[Round "4"]
[White "Avolio, Giovanni"]
[Black "Capone, Vincenzo"]
[Result "0-1"]
[WhiteElo "1879"]
[BlackElo "2176"]
[PlyCount "58"]
[EventDate "2011.12.15"]

1. c4 c5 2. Nc3 Nf6 3. g3 d5 4. cxd5 Nxd5 5. Bg2 Nc7 6. Nf3 Nc6 7. d3 e5 8. Bd2
Be7 9. Rc1 O-O 10. O-O Be6 11. Ne4 Na6 12. b3 f6 13. Ne1 Qd7 14. f4 b6 15. Nf3
exf4 16. Bxf4 Nab4 17. Nc3 Rac8 18. Qd2 Rfe8 19. Rfd1 Bf8 20. Be3 Nd4 21. Bf2
Bg4 22. Bxd4 cxd4 23. Ne4 Nd5 24. Rxc8 Rxc8 25. Rc1 Ba3 26. Rxc8+ Qxc8 27. Nxd4
Bc1 28. Nxf6+ Nxf6 29. Qb4 Be3+ 0-1

[Event "C.to Provinciale NA"]
[Site "Napoli ITA"]
[Date "2012.01.12"]
[Round "4"]
[White "Caporali, Dante"]
[Black "Borrelli, Salvatore"]
[Result "0-1"]
[WhiteElo "1577"]
[BlackElo "1961"]
[PlyCount "66"]
[EventDate "2011.12.15"]

1. d4 e6 2. c4 d5 3. Nc3 c6 4. Nf3 dxc4 5. a4 Bb4 6. e3 b5 7. axb5 cxb5 8. Bd2
Qb6 9. Be2 Bb7 10. b3 Bxc3 11. Bxc3 b4 12. Bd2 c3 13. Bc1 Nf6 14. O-O Ba6 15.
Bxa6 Nxa6 16. Qd3 Nc7 17. e4 O-O 18. Bf4 Rfd8 19. Bxc7 Qxc7 20. Rfc1 a5 21. e5
Nd5 22. g3 h6 23. Nd2 Nb6 24. Nc4 Qd7 25. Nd6 a4 26. bxa4 Rxa4 27. Rxa4 Qxa4
28. Kf1 Ra8 29. Ke2 Qa6 30. Qxa6 Rxa6 31. Rc2 Nd5 32. Ne4 b3 33. Rc1 b2 0-1

[Event "C.to Provinciale NA"]
[Site "Napoli ITA"]
[Date "2012.01.12"]
[Round "4"]
[White "De Rosa, Francesco"]
[Black "Esposito, Rosario"]
[Result "0-1"]
[WhiteElo "1968"]
[BlackElo "1859"]
[PlyCount "88"]
[EventDate "2011.12.15"]

1. e4 c5 2. Nf3 e6 3. d4 cxd4 4. Nxd4 Nc6 5. Nc3 Qc7 6. f4 a6 7. Nxc6 Qxc6 8.
Bd3 Bc5 9. Qe2 Ne7 10. Bd2 b5 11. a3 Bb7 12. O-O-O O-O-O 13. Be3 Bxe3+ 14. Qxe3
d5 15. Qf2 Qc7 16. e5 Kb8 17. Rhe1 Rc8 18. g4 g6 19. Kb1 Qa5 20. Qd2 Qb6 21.
Ne2 Nc6 22. f5 Nxe5 23. Qf4 Qc7 24. fxe6 Nxd3 25. Qxc7+ Rxc7 26. Rxd3 fxe6 27.
Nf4 Bc8 28. g5 Rf8 29. Rf3 Rcf7 30. Rh3 Rxf4 31. Rxh7 Rf1 32. Rc1 Rxc1+ 33.
Kxc1 e5 34. Re7 e4 35. Rg7 Bf5 36. Kd2 Rh8 37. Ke3 Rxh2 38. Kd4 Rxc2 39. Kxd5
e3 40. Re7 e2 41. b4 Bg4 42. Re8+ Rc8 43. Re7 Rc1 44. Re8+ Kc7 0-1

[Event "C.to Provinciale NA"]
[Site "Napoli ITA"]
[Date "2012.01.12"]
[Round "4"]
[White "Di Gennaro, Antonio"]
[Black "Caiazzo, Diego"]
[Result "0-1"]
[WhiteElo "1674"]
[BlackElo "1856"]
[PlyCount "119"]
[EventDate "2011.12.15"]

1. e4 e6 2. d4 d5 3. Nc3 dxe4 4. Nxe4 Nd7 5. Nf3 Ngf6 6. Bg5 Be7 7. Nxf6+ Nxf6
8. Bd3 h6 9. Bh4 O-O 10. c3 b6 11. Bxf6 Bxf6 12. Be4 Rb8 13. Ne5 Bxe5 14. dxe5
Bb7 15. Bxb7 Rxb7 16. O-O c5 17. Qe2 Rd7 18. Rfd1 Rd5 19. c4 Rd7 20. b3 Qc7 21.
Rxd7 Qxd7 22. Rd1 Qc7 23. h3 Rd8 24. Rxd8+ Qxd8 25. Qe4 Qd7 26. Qa8+ Kh7 27.
Qe4+ g6 28. Qf3 h5 29. Kh2 Kg8 30. Kg1 Kf8 31. Qe2 Qd4 32. Kf1 Qa1+ 33. Qe1
Qxa2 34. Qe3 Qa1+ 35. Ke2 Kg7 36. Kf3 Qd1+ 37. Kg3 Qd7 38. Qf3 Qd4 39. Qf6+ Kg8
40. Qf4 Qxf4+ 41. Kxf4 Kf8 42. Kg5 Ke7 43. g4 hxg4 44. Kxg4 a6 45. Kf4 b5 46.
cxb5 axb5 47. Ke3 Kd7 48. Kd3 Kc6 49. Ke3 Kd7 50. Kd3 Kc6 51. Ke4 c4 52. bxc4
bxc4 53. Kd4 Kb5 54. Kc3 Kc5 55. f3 Kd5 56. f4 Kc5 57. Kc2 Kd4 58. Kd2 Ke4 59.
Kc3 Kxf4 60. Kxc4 0-1

[Event "C.to Provinciale NA"]
[Site "Napoli ITA"]
[Date "2012.01.12"]
[Round "4"]
[White "Di Meo, Antonio"]
[Black "Gallina, Giacomo"]
[Result "1/2-1/2"]
[WhiteElo "1968"]
[BlackElo "1697"]
[PlyCount "33"]
[EventDate "2011.12.15"]

1. b3 e5 2. Bb2 Nc6 3. e3 Nf6 4. d3 Bc5 5. Nf3 d6 6. Be2 O-O 7. O-O Bb6 8. c4
Ng4 9. Nc3 a6 10. h3 Nh6 11. d4 f6 12. d5 Ne7 13. e4 f5 14. b4 f4 15. Na4 Ba7
16. Re1 Qe8 17. Kh1 1/2-1/2

[Event "C.to Provinciale NA"]
[Site "Napoli ITA"]
[Date "2012.01.12"]
[Round "4"]
[White "Gallo, Thomas Renato"]
[Black "Buiano, Fabio"]
[Result "0-1"]
[WhiteElo "1887"]
[BlackElo "2036"]
[PlyCount "66"]
[EventDate "2011.12.15"]

1. e4 d6 2. Bc4 Nf6 3. d3 e5 4. Nf3 Be7 5. Nc3 O-O 6. h3 c6 7. O-O h6 8. Ne2 d5
9. exd5 cxd5 10. Bb3 Nc6 11. c3 Bd6 12. Ng3 Re8 13. Nh4 Ne7 14. Qf3 Kh7 15. Bc2
Be6 16. Re1 Qd7 17. Bd2 d4 18. c4 a5 19. a4 Qc6 20. Qe2 b6 21. Nf3 Ng6 22. Qf1
Rad8 23. Re2 Bxh3 24. Nxd4 exd4 25. Ne4 Nxe4 26. Rxe4 Bf5 27. Rxe8 Rxe8 28. Re1
Nh4 29. Rxe8 Qxe8 30. Qe1 Qxe1+ 31. Bxe1 g5 32. f3 Ng6 33. g3 Ne5 0-1

[Event "C.to Provinciale NA"]
[Site "Napoli ITA"]
[Date "2012.01.12"]
[Round "4"]
[White "Messina, Enrico"]
[Black "Esposito, Luca"]
[Result "0-1"]
[WhiteElo "2125"]
[BlackElo "2234"]
[PlyCount "122"]
[EventDate "2011.12.15"]

1. e4 d6 2. d4 Nf6 3. Nc3 e5 4. Nf3 Nbd7 5. g4 Nxg4 6. Rg1 Ngf6 7. Bc4 h6 8.
Be3 c6 9. Qe2 b5 10. Bb3 Qa5 11. dxe5 dxe5 12. O-O-O Ba6 13. Qd2 Rd8 14. Bxf7+
Kxf7 15. Nxe5+ Nxe5 16. Qxd8 Qxd8 17. Rxd8 b4 18. Nd1 Nxe4 19. Bxa7 Nf3 20. Rg4
Nf6 21. Rg2 Ng5 22. Ne3 Ne6 23. Ra8 Nf4 24. Ng4 Nxg2 25. Ne5+ Ke6 26. Ng6 Rg8
27. Nxf8+ Kf5 28. Bc5 Bc4 29. Bxb4 Bd5 30. Ra5 Kg4 31. Ra3 Nf4 32. h3+ Kf5 33.
Re3 Ne4 34. f3 Ng5 35. a4 Nxf3 36. a5 Ne5 37. a6 c5 38. Bxc5 Ba8 39. b4 Bc6 40.
Rb3 Be4 41. b5 Nfd3+ 42. cxd3 Nxd3+ 43. Kd2 Nxc5 44. Rc3 Na4 45. Rc8 Nb6 46.
Rb8 g5 47. a7 h5 48. Nd7 Nc4+ 49. Kc3 Rg7 50. Rf8+ Kg6 51. Rf6+ Kh7 52. Nf8+
Kg8 53. Kxc4 Rxa7 54. Ne6 g4 55. hxg4 hxg4 56. Nc5 Bf3 57. b6 Re7 58. Ne6 Rd7
59. Ng5 Bd5+ 60. Kc5 g3 61. Rd6 61... g2 $138 0-1

[Event "C.to Provinciale NA"]
[Site "Napoli ITA"]
[Date "2012.01.12"]
[Round "4"]
[White "Miccoli, Livio"]
[Black "La Sala, Alberto"]
[Result "1/2-1/2"]
[WhiteElo "1670"]
[BlackElo "2023"]
[PlyCount "46"]
[EventDate "2011.12.15"]

1. e4 c5 2. Nc3 e6 3. g3 Ne7 4. Bg2 d5 5. exd5 Nxd5 6. Qe2 Be7 7. Nf3 O-O 8. d3
Nc6 9. O-O a6 10. Re1 Bf6 11. Ne4 Be7 12. Bd2 f6 13. Nc3 Re8 14. a3 Nxc3 15.
Bxc3 e5 16. Bd2 Bg4 17. h3 Nd4 18. Qd1 Bh5 19. g4 Bf7 20. Nxd4 cxd4 21. Bxb7
Rb8 22. Bc6 Rf8 23. b4 Qd6 1/2-1/2

[Event "C.to Provinciale NA"]
[Site "Napoli ITA"]
[Date "2012.01.12"]
[Round "4"]
[White "Sgammato, Francesco"]
[Black "Sparice, Lorenzo"]
[Result "1-0"]
[WhiteElo "1718"]
[BlackElo "1374"]
[PlyCount "43"]
[EventDate "2011.12.15"]

1. c4 Nf6 2. Nf3 c5 3. Nc3 b6 4. d4 cxd4 5. Nxd4 Bb7 6. f3 e6 7. e4 d5 8. cxd5
exd5 9. Bb5+ Nbd7 10. e5 Qe7 11. O-O a6 12. exf6 Qe3+ 13. Bxe3 axb5 14. Ncxb5
O-O-O 15. fxg7 Bxg7 16. Qa4 Nc5 17. Rac1 Rhe8 18. Bf4 Kd7 19. Rxc5 bxc5 20. Nf5
Bxb2 21. Nbd6+ Ke6 22. Re1+ 1-0

[Event "C.to Provinciale NA"]
[Site "Napoli ITA"]
[Date "2012.01.12"]
[Round "4"]
[White "Somma, Andrea"]
[Black "Supino, Domenico"]
[Result "1/2-1/2"]
[WhiteElo "1771"]
[BlackElo "2097"]
[PlyCount "109"]
[EventDate "2011.12.15"]

1. Nf3 Nf6 2. d3 g6 3. e4 d6 4. Nbd2 Bg7 5. g3 e5 6. Bg2 O-O 7. O-O c6 8. c3 a5
9. d4 Qc7 10. Qc2 Re8 11. Rd1 exd4 12. Nxd4 Nbd7 13. Nc4 Ne5 14. Ne3 Bd7 15. h3
c5 16. Ne2 Bc6 17. f4 Ned7 18. Nd5 Bxd5 19. exd5 Re7 20. c4 Nb6 21. g4 Rae8 22.
Ng3 Nc8 23. Bd2 Na7 24. Re1 b5 25. g5 Rxe1+ 26. Rxe1 Rxe1+ 27. Bxe1 Nd7 28. b3
b4 29. Qe2 Qd8 30. h4 h6 31. h5 Nf8 32. Ne4 Qe7 33. Bf3 Nc8 34. Bh4 hxg5 35.
Nxg5 Bd4+ 36. Kg2 Qxe2+ 37. Bxe2 Bf6 38. Nf3 Bxh4 39. Nxh4 Ne7 40. Bg4 Kg7 41.
hxg6 Nfxg6 42. Kg3 Nxh4 43. Kxh4 Kf6 44. Kg3 Ng6 45. Bc8 Ne7 46. Bg4 Nf5+ 47.
Kf3 Nd4+ 48. Ke3 Nc2+ 49. Kd2 Nd4 50. Ke3 Kg6 51. Bd1 Kf5 52. Bh5 Kf6 53. Bg4
Nc2+ 54. Kd2 Nd4 55. Ke3 1/2-1/2

[Event "C.to Provinciale NA"]
[Site "Napoli ITA"]
[Date "2012.01.12"]
[Round "4"]
[White "Vannini, Aldo"]
[Black "Esposito, Pino"]
[Result "1-0"]
[WhiteElo "1792"]
[BlackElo "1842"]
[PlyCount "25"]
[EventDate "2011.12.15"]

1. d4 Nf6 2. Bf4 d6 3. e3 g6 4. h3 Bg7 5. Nf3 Nbd7 6. Be2 O-O 7. O-O Re8 8. c3
Nh5 9. Bh2 e5 10. dxe5 dxe5 11. Na3 f5 12. Qd5+ Kf8 13. Bc4 1-0

[Event "C.to Provinciale NA"]
[Site "Napoli ITA"]
[Date "2012.01.12"]
[Round "4"]
[White "Zinnai, Graziano Matteo"]
[Black "Taurisano, Vincenzo"]
[Result "1-0"]
[WhiteElo "1937"]
[BlackElo "1898"]
[PlyCount "97"]
[EventDate "2011.12.15"]

1. e4 c6 2. d4 d5 3. Nc3 dxe4 4. Nxe4 Nd7 5. Ng5 Ngf6 6. Bd3 e6 7. N1f3 Be7 8.
Nxf7 Kxf7 9. Ng5+ Ke8 10. Nxe6 Bb4+ 11. c3 Qe7 12. Qe2 Bd6 13. Nxg7+ Kf7 14.
Nf5 Qxe2+ 15. Kxe2 Re8+ 16. Be3 Bf8 17. f3 Nd5 18. Kd2 Nxe3 19. Nxe3 Bh6 20.
Rhe1 Nf6 21. g3 Bxe3+ 22. Rxe3 Rxe3 23. Kxe3 Bd7 24. g4 h6 25. c4 Re8+ 26. Kf2
Re7 27. h4 Ne8 28. g5 hxg5 29. hxg5 Ng7 30. d5 Bf5 31. Bxf5 Nxf5 32. dxc6 bxc6
33. Rd1 a5 34. b3 Ke6 35. f4 Rh7 36. Re1+ Kd6 37. Re5 Rh2+ 38. Kg1 Rxa2 39.
Rxf5 Rb2 40. g6 Rxb3 41. Rg5 Rb8 42. Rxa5 Ke6 43. Rg5 Kf6 44. Kg2 Kg7 45. Kf3
Rb4 46. c5 Rc4 47. Kg4 Rd4 48. Kf5 Rd5+ 49. Ke6 1-0

[Event "C.to Provinciale NA"]
[Site "Napoli ITA"]
[Date "2012.01.19"]
[Round "5"]
[White "Accardo, Francesco"]
[Black "Schiappoli, Dario"]
[Result "0-1"]
[WhiteElo "1855"]
[BlackElo "1942"]
[PlyCount "44"]
[EventDate "2011.12.15"]

1. g4 e5 2. Bg2 h5 3. d4 exd4 4. g5 Bb4+ 5. Kf1 Qe7 6. a3 Bc5 7. b4 Bb6 8. Nd2
d5 9. Nb3 Nc6 10. Nf3 Bg4 11. b5 Bxf3 12. exf3 Ne5 13. Nxd4 Qc5 14. c3 Qxc3 15.
Be3 Ne7 16. Kg1 O-O 17. Bf1 Bxd4 18. Rc1 Qxa3 19. f4 Bxe3 20. fxe5 Qxc1 21.
Qxh5 Bxg5 22. e6 Bh6 0-1

[Event "C.to Provinciale NA"]
[Site "Napoli ITA"]
[Date "2012.01.19"]
[Round "5"]
[White "Buiano, Fabio"]
[Black "Zinnai, Graziano Matteo"]
[Result "1/2-1/2"]
[WhiteElo "2036"]
[BlackElo "1937"]
[PlyCount "72"]
[EventDate "2011.12.15"]

1. e4 e6 2. d4 d5 3. Nc3 Nf6 4. Bg5 dxe4 5. Nxe4 Be7 6. Bxf6 Bxf6 7. Nf3 Bd7 8.
Bd3 Bc6 9. c3 Nd7 10. Qe2 O-O 11. O-O-O Qe7 12. Rhe1 b5 13. Qc2 g6 14. Nxf6+
Qxf6 15. Be4 Bd5 16. Bxd5 exd5 17. Ne5 Rfd8 18. Qd2 Nxe5 19. Rxe5 c5 20. Rde1
c4 21. R1e3 a5 22. Rf3 Qd6 23. Qf4 Rd7 24. Qg5 b4 25. Rf6 Qf8 26. Rxd5 Rxd5 27.
Qxd5 bxc3 28. Rxf7 cxb2+ 29. Kxb2 Qxf7 30. Qxa8+ Kg7 31. f3 Qe7 32. Qe4 Qb4+
33. Kc2 Qa4+ 34. Kb2 Qb4+ 35. Kc2 Qa4+ 36. Kb2 Qb4+ 1/2-1/2

[Event "C.to Provinciale NA"]
[Site "Napoli ITA"]
[Date "2012.01.19"]
[Round "5"]
[White "Caiazzo, Diego"]
[Black "Avolio, Giovanni"]
[Result "1/2-1/2"]
[WhiteElo "1856"]
[BlackElo "1879"]
[PlyCount "135"]
[EventDate "2011.12.15"]

1. Nf3 Nf6 2. d4 g6 3. Nbd2 Bg7 4. e4 d6 5. c3 O-O 6. Bc4 c6 7. O-O Nbd7 8. Qe2
e5 9. dxe5 dxe5 10. Bb3 Qc7 11. Rd1 b5 12. a4 Nc5 13. axb5 cxb5 14. Bc2 a6 15.
Nb3 Nxb3 16. Bxb3 Bb7 17. Bc2 Rad8 18. Bg5 h6 19. Bh4 g5 20. Bg3 Nh5 21. Rxd8
Rxd8 22. Rd1 Nxg3 23. Rxd8+ Qxd8 24. hxg3 Qd6 25. Qd3 Bf8 26. Qxd6 Bxd6 27. Kf1
a5 28. Nd2 Kf8 29. Ke2 Ke7 30. Bd3 Bc6 31. Nf1 a4 32. Ne3 Ke6 33. Nf5 Bf8 34.
g4 Kf6 35. f3 Kg6 36. Ng3 a3 37. bxa3 Bxa3 38. Nf5 Bc5 39. Ne3 h5 40. gxh5+
Kxh5 41. Nf5 g4 42. g3 gxf3+ 43. Kxf3 Kg5 44. Be2 b4 45. cxb4 Bxb4 46. Ne3 Bc5
47. Nf5 f6 48. Ne3 Be8 49. g4 Bd7 50. Nf5 Bc6 51. Ne3 Bxe3 52. Kxe3 Bd7 53. Bc4
Kxg4 54. Be2+ Kg3 55. Bc4 Ba4 56. Bd5 Bd1 57. Bc4 Bf3 58. Bd3 Bg2 59. Bc2 Bf1
60. Bb1 Bc4 61. Bc2 Be6 62. Bd3 Kg4 63. Be2+ Kg5 64. Bb5 f5 65. exf5 Bxf5 66.
Bc6 Bb1 67. Bd5 Kf5 68. Bc6 1/2-1/2

[Event "C.to Provinciale NA"]
[Site "Napoli ITA"]
[Date "2012.01.19"]
[Round "5"]
[White "Capone, Vincenzo"]
[Black "Esposito, Luca"]
[Result "1/2-1/2"]
[WhiteElo "2176"]
[BlackElo "2234"]
[PlyCount "22"]
[EventDate "2011.12.15"]

1. d4 Nf6 2. c4 e6 3. g3 d5 4. Bg2 Be7 5. Nf3 O-O 6. O-O dxc4 7. Qc2 a6 8. Qxc4
b5 9. Qc2 Bb7 10. Bd2 Ra7 11. Re1 Be4 1/2-1/2

[Event "C.to Provinciale NA"]
[Site "Napoli ITA"]
[Date "2012.01.19"]
[Round "5"]
[White "Esposito, Pino"]
[Black "Angelotti, Mario"]
[Result "1-0"]
[WhiteElo "1842"]
[BlackElo "1792"]
[PlyCount "91"]
[EventDate "2011.12.15"]

1. e4 c6 2. d4 d5 3. Nc3 dxe4 4. Nxe4 Bf5 5. Ng3 Bg6 6. Nf3 Nf6 7. Bc4 e6 8.
O-O h6 9. Ne5 Bh7 10. Re1 Be7 11. Nxf7 Kxf7 12. Bxe6+ Kf8 13. Nh5 Nbd7 14. Qf3
Qe8 15. g4 Rd8 16. Bxd7 Qxd7 17. Nxf6 Bxf6 18. Bxh6 Qf7 19. Qa3+ Be7 20. Rxe7
Qxe7 21. Bxg7+ Kf7 22. Qxe7+ Kxe7 23. Re1+ Kf7 24. Bxh8 Rxh8 25. c3 Kf6 26. f4
Bd3 27. Kg2 Rh7 28. Kg3 a5 29. h4 b5 30. a3 Rg7 31. Kf3 Bc4 32. Re5 b4 33. g5+
Kg6 34. f5+ Kh5 35. Kg3 bxa3 36. bxa3 Rb7 37. Re8 Rh7 38. g6 Rh6 39. g7 Rf6 40.
Rh8+ Rh6 41. g8=Q Bxg8 42. Rxg8 Rf6 43. Rh8+ Rh6 44. Rxh6+ Kxh6 45. Kf4 a4 46.
Ke5 1-0

[Event "C.to Provinciale NA"]
[Site "Napoli ITA"]
[Date "2012.01.19"]
[Round "5"]
[White "Gallina, Giacomo"]
[Black "Di Gennaro, Antonio"]
[Result "1/2-1/2"]
[WhiteElo "1697"]
[BlackElo "1674"]
[PlyCount "67"]
[EventDate "2011.12.15"]

1. e4 c5 2. Nc3 Nc6 3. Bc4 e6 4. a3 g6 5. d3 Bg7 6. f4 Nge7 7. Bb3 O-O 8. Nf3
d5 9. e5 a6 10. O-O Nf5 11. Ne2 Qb6 12. Kh1 Qd8 13. Qe1 b5 14. Qf2 d4 15. Ng5
h6 16. Ne4 c4 17. dxc4 d3 18. cxd3 Qxd3 19. Nc5 Qd8 20. Rd1 Qb6 21. cxb5 axb5
22. Ne4 Qxf2 23. Nxf2 b4 24. a4 Ba6 25. Re1 Ncd4 26. Nxd4 Nxd4 27. Bd1 Rfc8 28.
Ne4 Nc2 29. Bxc2 Rxc2 30. Nd6 Bf8 31. Rd1 Rd8 32. b3 Bb7 33. Be3 Bxg2+ 34. Kg1
1/2-1/2

[Event "C.to Provinciale NA"]
[Site "Napoli ITA"]
[Date "2012.01.19"]
[Round "5"]
[White "Lerro, Luca"]
[Black "La Sala, Alberto"]
[Result "0-1"]
[WhiteElo "1693"]
[BlackElo "2023"]
[PlyCount "24"]
[EventDate "2011.12.15"]

1. e4 c5 2. c3 d5 3. e5 Nc6 4. d4 e6 5. Nf3 cxd4 6. cxd4 Nh6 7. a3 Nf5 8. Be2
Qb6 9. O-O Nfxd4 10. Nxd4 Qxd4 11. Qxd4 Nxd4 12. Rd1 Nxe2+ 0-1

[Event "C.to Provinciale NA"]
[Site "Napoli ITA"]
[Date "2012.01.19"]
[Round "5"]
[White "Messina, Enrico"]
[Black "Somma, Andrea"]
[Result "1-0"]
[WhiteElo "2125"]
[BlackElo "1771"]
[PlyCount "68"]
[EventDate "2011.12.15"]

1. e4 d5 2. exd5 Qxd5 3. Nf3 Nf6 4. Be2 Bf5 5. O-O e6 6. c4 Qa5 7. d4 c6 8. Nc3
Nbd7 9. Bf4 Bb4 10. Qb3 O-O 11. Nh4 Bxc3 12. bxc3 Nb6 13. Nxf5 exf5 14. Bd3 g6
15. a4 Ne4 16. f3 Nxc3 17. Bd6 Nbxa4 18. Bxf8 Kxf8 19. Qxb7 Qd8 20. d5 cxd5 21.
cxd5 Qb6+ 22. Qxb6 Nxb6 23. d6 Rd8 24. Rxa7 Rxd6 25. Ba6 Rd2 26. Rc1 Nbd5 27.
Rb7 Na4 28. Bc4 Nac3 29. Ra1 Kg7 30. Rd7 Kf6 31. h4 Ke5 32. Bxd5 Nxd5 33. Rxf7
Kf4 34. Kh2 Ne3 1-0

[Event "C.to Provinciale NA"]
[Site "Napoli ITA"]
[Date "2012.01.19"]
[Round "5"]
[White "Russo Spena, Vincenzo"]
[Black "Miccoli, Livio"]
[Result "0-1"]
[WhiteElo "1504"]
[BlackElo "1670"]
[PlyCount "76"]
[EventDate "2011.12.15"]

1. e4 e6 2. Nf3 d5 3. exd5 exd5 4. d4 Nf6 5. c4 Bd6 6. c5 Be7 7. Nc3 Bf5 8. Bd3
Bxd3 9. Qxd3 O-O 10. O-O a6 11. b4 Nc6 12. b5 Na5 13. a4 Nc4 14. Ne5 axb5 15.
Nxb5 c6 16. Nc3 Nxe5 17. dxe5 Nd7 18. f4 Nxc5 19. Qd4 Nb3 20. Qd1 Qb6+ 21. Kh1
Nxa1 22. Qe1 Nc2 23. Qd2 Na3 24. Qa2 Nc4 25. Nb1 Bc5 26. f5 Nxe5 27. Bd2 Ng4
28. h3 Nf2+ 29. Kh2 Qc7+ 30. g3 Ne4 31. Bf4 Bd6 32. Kg2 Rfe8 33. Qc2 Re7 34. h4
Rae8 35. Kh3 Nxg3 36. Kxg3 Re3+ 37. Kg4 Bxf4 38. Rxf4 h5+ 0-1

[Event "C.to Provinciale NA"]
[Site "Napoli ITA"]
[Date "2012.01.19"]
[Round "5"]
[White "Solombrino, Giovanni"]
[Black "De Rosa, Francesco"]
[Result "0-1"]
[WhiteElo "1850"]
[BlackElo "1968"]
[PlyCount "66"]
[EventDate "2011.12.15"]

1. e4 c5 2. Nf3 Nc6 3. d4 cxd4 4. Nxd4 Nf6 5. Nc3 e5 6. Ndb5 d6 7. Bg5 a6 8.
Na3 b5 9. Bxf6 gxf6 10. Nd5 f5 11. Bd3 Be6 12. c3 Bg7 13. O-O O-O 14. Ne3 f4
15. Nd5 Bxd5 16. exd5 Ne7 17. g3 f5 18. gxf4 e4 19. Be2 Ng6 20. Kh1 Nxf4 21.
Rg1 Kh8 22. Nc2 Qh4 23. Rxg7 Kxg7 24. Qd4+ Qf6 25. Rg1+ Kh8 26. Qd2 Qe5 27. c4
Rg8 28. Rg3 Nxe2 29. Qxe2 f4 30. Rxg8+ Rxg8 31. f3 Qg7 32. Qf2 e3 33. Qf1 Qxb2
0-1

[Event "C.to Provinciale NA"]
[Site "Napoli ITA"]
[Date "2012.01.19"]
[Round "5"]
[White "Sparice, Lorenzo"]
[Black "Di Meo, Antonio"]
[Result "0-1"]
[WhiteElo "1374"]
[BlackElo "1968"]
[PlyCount "52"]
[EventDate "2011.12.15"]

1. e4 c6 2. Nc3 g6 3. Nf3 Bg7 4. d4 d6 5. b4 Nf6 6. Rb1 O-O 7. e5 dxe5 8. dxe5
Qxd1+ 9. Nxd1 Nd5 10. Bb2 Nxb4 11. Bc4 Nxc2+ 12. Kd2 Bf5 13. Nd4 Nxd4 14. Bxd4
Bxb1 15. Ne3 Be4 16. f3 Rd8 17. Kc3 Bd5 18. Rb1 b6 19. f4 Bxc4 20. Kxc4 Nd7 21.
e6 Bxd4 22. exf7+ Kxf7 23. Kxd4 Nc5+ 24. Kc4 Rd2 25. Nf1 Rc2+ 26. Kd4 Rd8+ 0-1

[Event "C.to Provinciale NA"]
[Site "Napoli ITA"]
[Date "2012.01.19"]
[Round "5"]
[White "Supino, Domenico"]
[Black "Sgammato, Francesco"]
[Result "1-0"]
[WhiteElo "2097"]
[BlackElo "1718"]
[PlyCount "71"]
[EventDate "2011.12.15"]

1. e4 e6 2. d4 d5 3. e5 c5 4. c3 Qb6 5. Nf3 Bd7 6. Bd3 Bb5 7. O-O Bxd3 8. Qxd3
cxd4 9. cxd4 Qa6 10. Qe3 Ne7 11. Nc3 Nf5 12. Qf4 Be7 13. Nxd5 exd5 14. Qxf5 Qe6
15. Qd3 h6 16. Be3 a6 17. Rfc1 Nc6 18. a3 O-O 19. b4 Rfc8 20. Rc2 Na7 21. Rac1
Rxc2 22. Rxc2 Rc8 23. Ne1 Rc6 24. f4 f5 25. Rxc6 Nxc6 26. Nc2 Kf7 27. Bc1 g6
28. Ne3 Bd8 29. Bb2 Ne7 30. a4 Qb6 31. b5 Ke6 32. Ba3 axb5 33. axb5 Qc7 34. g4
Nc8 35. gxf5+ gxf5 36. Qxf5# 1-0

[Event "C.to Provinciale NA"]
[Site "Napoli ITA"]
[Date "2012.01.19"]
[Round "5"]
[White "Taurisano, Vincenzo"]
[Black "Gallo, Thomas Renato"]
[Result "1-0"]
[WhiteElo "1898"]
[BlackElo "1887"]
[PlyCount "61"]
[EventDate "2011.12.15"]

1. d4 d5 2. c4 e6 3. Nc3 c6 4. cxd5 exd5 5. Nf3 Nf6 6. Bg5 h6 7. Bxf6 Qxf6 8.
e3 Be7 9. Bd3 Bg4 10. O-O Nd7 11. a4 O-O 12. a5 Bxf3 13. gxf3 Qh4 14. e4 Bg5
15. Ne2 Nf6 16. e5 Nh5 17. Kh1 Nf4 18. Ng3 g6 19. Ra3 Qh3 20. Rg1 Ne6 21. Bf1
Qh4 22. Ne2 Qxf2 23. Rg2 Qh4 24. Rg4 Qf2 25. h4 h5 26. Rg2 Bxh4 27. Rxf2 Bxf2
28. f4 h4 29. Rf3 Bg3 30. Bh3 Ng7 31. Nxg3 1-0